Groups of Five - Statistics

General Stats
  • This quiz has been taken 67 times
  • The average score is 23 of 50
Answer Stats
Hint Answer % Correct
Tallest Mountains Mount Everest
97%
Countries With The Most Car Brands United States
84%
Tallest Mountains K2
82%
Richest People Elon Musk
80%
Countries With The Most Car Brands Germany
79%
Countries With The Most Car Brands United Kingdom
77%
Least Populated Countries Vatican City
77%
Footballers Who Scored The Most Goals Lionel Messi
74%
Biggest Islands Greenland
72%
Most Populated Cities Tokyo
72%
Richest People Jeff Bezos
70%
Countries With The Most Car Brands China
69%
Footballers Who Scored The Most Goals Cristiano Ronaldo
69%
Countries With The Most Car Brands France
69%
Biggest Islands Madagascar
64%
Least Populated Countries Nauru
64%
Footballers Who Scored The Most Goals Pelé
64%
Most Valuable Companies Apple
62%
Least Populated Countries Palau
62%
Most Valuable Companies Amazon
61%
Most Populated Cities Delhi
59%
Least Populated Countries San Marino
56%
Most Populated Cities Shanghai
56%
Most Watched Movies Titanic
54%
Most Watched Movies Avatar
52%
Most Watched Movies Avatar: The Way of Water
52%
Least Populated Countries Tuvalu
52%
Most Valuable Companies Google
48%
Most Valuable Companies Microsoft
48%
Biggest Islands Borneo
43%
Richest People Mark Zuckerberg
41%
Most Played Games Minecraft
38%
Biggest Islands Baffin Island
36%
Biggest Islands New Guinea
34%
Most Watched Movies Avengers: Endgame
31%
Most Populated Cities Cairo
28%
Most Played Games Fortnite
23%
Most Valuable Companies NVIDIA
23%
Most Populated Cities Dhaka
18%
Tallest Mountains Kangchenjunga
15%
Most Played Games ROBLOX
15%
Most Watched Movies Star Wars: The Force Awakens
15%
Tallest Mountains Lhotse
13%
Richest People Larry Ellison
10%
Footballers Who Scored The Most Goals Ferenc Puskás
7%
Most Played Games League of Legends
5%
Tallest Mountains Makalu
5%
Richest People Steve Ballmer
5%
Most Played Games Counter-Strike: GO
3%
Footballers Who Scored The Most Goals Romário
2%
No matching quizzes found
Score Distribution
Percent of People with Each Score
Percentile by Number Answered
Your Score History
You have not taken this quiz